000 00606cam a2200145 4500500
005 20260208010045.0
041 _afre
042 _adc
100 1 0 _aRomestaing, Alain
_eauthor
245 0 0 _aJAËL GRAVE, L’Imaginaire du lien dans les romans de Roger Frison- Roche. Arras, Artois Presses Université, 2009. Un vol. de 336 p.
260 _c2011.
500 _a4
786 0 _nRevue d'histoire littéraire de la France | 111 | 2 | 2011-05-16 | p. 455ze-501ze | 0035-2411
856 4 1 _uhttps://shs.cairn.info/revue-d-histoire-litteraire-de-la-france-2011-2-page-455ze?lang=fr&redirect-ssocas=7080
999 _c1654966
_d1654966